Keya Ved Ilhami Hain? Are the Vedas Ispired? (Record no. 4347)

MARC details
000 -LEADER
fixed length control field 00585nam a2200241 a 4500
020 ## - INTERNATIONAL STANDARD BOOK NUMBER
ISBN
082 00 - DEWEY DECIMAL CLASSIFICATION NUMBER
Classification number 294.5921
Author Cutter SIN
100 ## - MAIN ENTRY--AUTHOR NAME
Author name Singh, Kewal
245 ## - TITLE STATEMENT
Title Keya Ved Ilhami Hain? Are the Vedas Ispired?
260 ## - PUBLICATION, DISTRIBUTION, ETC. (IMPRINT)
Place of publication Lahore
Name of publisher Punjab Religious Booksociety
Year of publication 1928
300 ## - PHYSICAL DESCRIPTION
Number of Pages 32p
500 ## - GENERAL NOTE
General note includes index and biblioraphy
505 2# - FORMATTED CONTENTS NOTE
Formatted contents note App
650 ## - SUBJECT ADDED ENTRY--TOPICAL TERM
Topical Term Vedas
942 ## - ADDED ENTRY ELEMENTS (KOHA)
Koha item type Books
700 1# -
-- Singh, Kewal
Holdings
Collection code Home library Current library Date acquired Cost, normal purchase price Full call number Accession Number Koha item type
  Henry Martyn Institute Library Henry Martyn Institute Library 07/25/2007 0.50 294.5921 SIN 05998 Books
                   Copyright © 2026 | Henry Martyn Institute | Hyderabad | TS-500052 | INDIA | Implemented by hmi.edu.in
Hit-Count:

Powered by Koha